00863cam a22002774a 450000100090000000300040000900500170001300800410003001000170007102000420008804000180013004200080014805000230015608200120017910000200019124501150021126000460032630000570037250000220042965000130045170000250046470000200048990600450050994200120055499900190056613546464OSt20151125142633.0040402s2006 maua 001 0 eng  a 2004044738 a0201312247 (student ed. : alk. paper) aDLCcDLCdDLC apcc00aQA154.3b.A52 200500a5122221 aAkst, Geoffrey.10aIntermediate algebra through applications /cGeoffrey Akst, Sadie Bragg, with contributions by Laura A. Wheel. aBoston :bPearson Addison Wesley,cc2006. axvi, 926, 6, 12, 48 p. :bill. (some col.) ;c28 cm. aIncludes indexes. 0aAlgebra.1 aBragg, Sadie,d1944-1 aWheel, Laura A. a7bcbccorignewd1eocipf20gy-gencatlg 2lcccBK c251589d251589